000 00617pam a2200193 a 4500
001 3086825
005 20260304133810.0
008 980608s1998 ilu b 001 0 eng
020 _a0830815031
_qalk. paper
020 _a0830826602
_qpaper ed.
020 _a9780830815036
_q(alk. paper)
050 0 0 _aBS2506
_b.W56 1998
082 0 0 _a225.9/2
_aB
_221
100 1 _aWitherington, Ben,
_cIII,
_d1951-
245 1 4 _aThe Paul quest :
_bthe renewed search for the Jew of Tarsus /
_cBen Witherington III.
260 _aDowners Grove, Ill. :
_bInterVarsity Press,
_cc1998.
300 _a347 p. ;
_c24 cm.
942 _2lcc
_cBK
_n0
999 _c8873
_d8873